000 02910cam a2200289 4500500
005 20251228100138.0
041 _afre
042 _adc
100 1 0 _aSmotriez, Aurélia
_eauthor
245 0 0 _aFrontières externes et fractures internes entre Juifs et Arabes
260 _c2009.
500 _a57
520 _aRésuméL’article se propose d’analyser les modalités de la construction des frontières ethnonationales qui traversent l’État d’Israël depuis sa création, à la lumière de la formation de son système scolaire entre 1947 et 1953. L’analyse des débats et des crises politiques de cette période charnière éclaire le rôle décisif joué par la ségrégation entre les élèves juifs et arabes non seulement dans la mise à l’écart et le contrôle de la minorité arabe, mais aussi dans la tentative d’homogénéisation d’une collectivité juive alors confrontée à l’immigration de masse. « Creuset » où doit se réaliser la promesse sioniste de création de la nouvelle identité nationale, l’École devient paradoxalement le lieu de l’ethnicisation des relations sociales en Israël, celui où se cristallisent les frontières ethnonationales non seulement entre Juifs et Arabes, mais aussi entre Juifs ashkénazes et séfarades, notamment à travers l’inscription durable du lien entre ethnicité et religion.
520 _aThis article examines the construction of the ethnonational boundaries that cut across the Israeli State since its foundation, based on an analysis of the establishment of its educational system between 1947 and 1953. The debates and conflicts of these years shed light on the crucial role educational segregation between Jewish and Arab pupils plays, not only in the exclusion and control of the Arab minority, but also in the State’s endeavor to unify a Jewish society facing massive immigration. Paradoxically enough, School, which was conceived by the Zionist founding fathers as the “melting pot” where the new national identity must develop, is the locus where the ethnicisation of Israeli social relations takes place. This process crystallizes the ethnonational divide between Jews and Arabs, as well as between Jews themselves of Ashkenazi and Sephardic ethnic backgrounds, among others by strengthening the link between ethnicity and religion.
690 _aéducation étatique
690 _aethnicité orientale
690 _aidentité nationale
690 _aIsraël
690 _aségrégation judéo-arabe
690 _aIsrael
690 _aJewish-Arab segregation
690 _anational identity
690 _aoriental ethnicity
690 _aState education
786 0 _nVingtième Siècle. Revue d'histoire | 103 | 3 | 2009-08-28 | p. 133-147 | 0294-1759
856 4 1 _uhttps://shs.cairn.info/revue-vingtieme-siecle-revue-d-histoire-2009-3-page-133?lang=fr&redirect-ssocas=7080
999 _c1606200
_d1606200